000
00330nam a22001457a 4500
008
240318b ||||| |||| 00| 0 eng d
020
_a
0198244274
041
_a
eng
080
_2
1980
_a
101
082
_a
101FRA
100
_a
44
101
_a
FILOZOFI
245
_a
THE SCIENTIFIC IMAGE
_c
BAS .C.VAN FRAASSEN
942
_2
udc
_c
BK
999
_c
60611
_d
60611